Coldunell Ltd v Hotel Management International Ltd (Record no. 121480)

MARC details
000 -LEADER
fixed length control field 01364cam a22002295a 4500
008 - FIXED-LENGTH DATA ELEMENTS--GENERAL INFORMATION
fixed length control field 230502s2022 xxk f 000 0 eng d
041 0# - LANGUAGE CODE
Language code of text/sound track or separate title eng
245 00 - TITLE STATEMENT
Title Coldunell Ltd v Hotel Management International Ltd
Medium [electronic resource]
520 ## - SUMMARY, ETC.
Summary, etc. [2022] EWHC 1290 (TCC), 27 May 2022. Centred on a dilapidations claim at a Surrey hotel. The 20-year lease required the tenant to return the property in good and substantial repair and condition. Because it failed to do so, the terminal schedule of dilapidations claimed almost £1.1m, of which around £465,000 had already been incurred by the landlord. Particularly relevant to the surveying profession is the experience of the expert witness surveyors. The tenant's surveyor was called 'slapdash' by the judge.
650 24 - SUBJECT ADDED ENTRY--TOPICAL TERM
Topical term or geographic name entry element NEIGHBOUR DISPUTES
650 24 - SUBJECT ADDED ENTRY--TOPICAL TERM
Topical term or geographic name entry element DAVIES v BRIDGEND CBC
650 24 - SUBJECT ADDED ENTRY--TOPICAL TERM
Topical term or geographic name entry element PRIVATE NUISANCE
650 0# - SUBJECT ADDED ENTRY--TOPICAL TERM
Topical term or geographic name entry element DILAPIDATIONS
650 24 - SUBJECT ADDED ENTRY--TOPICAL TERM
Topical term or geographic name entry element EXPERT WITNESSES
650 24 - SUBJECT ADDED ENTRY--TOPICAL TERM
Topical term or geographic name entry element Coldunell Ltd v Hotel Management International Ltd
651 #4 - SUBJECT ADDED ENTRY--GEOGRAPHIC NAME
Geographic name United Kingdom
690 ## - LOCAL SUBJECT ADDED ENTRY--TOPICAL TERM (OCLC, RLIN)
Topical term or geographic name as entry element Expert witness
9 (RLIN) 6239
690 ## - LOCAL SUBJECT ADDED ENTRY--TOPICAL TERM (OCLC, RLIN)
Topical term or geographic name as entry element Dilapidations
9 (RLIN) 6235
856 40 - ELECTRONIC LOCATION AND ACCESS
Uniform Resource Identifier <a href="https://www.bailii.org/ew/cases/EWHC/TCC/2022/1290.html">https://www.bailii.org/ew/cases/EWHC/TCC/2022/1290.html</a>
Public note Available on bailii
856 40 - ELECTRONIC LOCATION AND ACCESS
Uniform Resource Identifier <a href="https://ww3.rics.org/uk/en/journals/built-environment-journal/dilapidations-case-expert-evidence.html">https://ww3.rics.org/uk/en/journals/built-environment-journal/dilapidations-case-expert-evidence.html</a>
Public note RICS journals article about the case
942 ## - ADDED ENTRY ELEMENTS (KOHA)
Suppress in OPAC 0
Source of classification or shelving scheme Dewey Decimal Classification
Holdings
Withdrawn status Lost status Source of classification or shelving scheme Damaged status Not for loan Home library Current library Shelving location Date acquired Total Checkouts Full call number Date last seen Price effective from Koha item type
    Dewey Decimal Classification     Virtual Virtual Online 02/05/2023   ONLINE JUDGMENT 02/05/2023 02/05/2023 Law report